Histoire par lettre - R - Statistiques

Statistiques générales
  • Ce quiz a été pris 144 fois
  • Le résultat moyen est 15 sur 20
Statistiques - réponses
Questions Réponses % Correct
Quel titre est porté par l'homme dirigeant un royaume ? Roi
98%
Quelle ville a été fondée en -753 ? Rome
97%
Dans quelle ville Jeanne d'Arc a-t-elle été brûlée ? Rouen
97%
Dans quelle ville française le Roi Clovis a-t-il été baptisé ? Reims
90%
Quel pays est considéré comme imbattable, de par sa résistance aux invasions napoléoniennes et hitlériennes notamment ? Russie
90%
Quel pays africain a subi une guerre civile connaissant son paroxysme en 1994 ? Rwanda
90%
Quelle période et courant historique démarrant en Italie a mis un terme au Moyen-Âge ? Renaissance
89%
Sur quel sommet des Etats-Unis sont représentés 4 Présidents ? Mont Rushmore
86%
Quel pays a connu une dictature menée par Nicolae Ceausescu et sa femme ? Roumanie
85%
Quel pharaon égyptien est resté au pouvoir durant le plus longtemps ? Ramsès II
84%
Quel cardinal de France était le bras droit de Louis XIII ? Armand Richelieu
81%
Quel président américain a participé à la Conférence de Yalta avec Churchill et Staline ? Franklin Roosevelt
80%
Quel président américain a connu une importante carrière d'acteur avant ses deux mandats ? Ronald Reagan
79%
Quel courant littéraire a connu son heure de gloire au début du XIXème siècle ? Romantisme
73%
Quel fleuve a été traversé par Jules César et ses troupes, en réponse à Pompée ? Rubicon
61%
Quel palais allemand a subi un incident dans la nuit du 27 au 28 Février 1933 ? Reichstag
59%
Quel neveu de Charlemagne est au coeur d'une célèbre "chanson" de Chrétien de Troyes ? Roland
53%
Quel général allemand était surnommé le "Renard du désert" ? Erwin Rommel
46%
Quel fils d'Hugues Capet était roi de France au tournant de l'an 1000 ? Robert le Pieux
33%
Quel homme d'affaire est le premier milliardaire de l'ère moderne ? John Davison Rockefeller
31%
Aucun quiz correspondant
Distribution des résultats
% des personnes avec chaque résultat
Percentile par nombre de réponses
Votre historique - résultats
Vous n’avez pas pris ce quiz